Financial sector development in transition economies: Lessons from the first decade (Record no. 5756)

MARC details
000 -LEADER
fixed length control field 00739nam a22002297a 4500
001 - CONTROL NUMBER
control field 6108
003 - CONTROL NUMBER IDENTIFIER
control field OSt
005 - DATE AND TIME OF LATEST TRANSACTION
control field 20170921101517.0
007 - PHYSICAL DESCRIPTION FIXED FIELD--GENERAL INFORMATION
fixed length control field tu
008 - FIXED-LENGTH DATA ELEMENTS--GENERAL INFORMATION
fixed length control field 161220s2002 fi ||||| |||||||||||eng d
024 7# - OTHER STANDARD IDENTIFIER
Standard number or code 6108
Source of number or code RID
024 7# - OTHER STANDARD IDENTIFIER
Standard number or code 6108
Source of number or code RSN (alt)
040 ## - CATALOGING SOURCE
Transcribing agency OSt
100 1# - MAIN ENTRY--PERSONAL NAME
Personal name Bonin, John
245 10 - TITLE STATEMENT
Title Financial sector development in transition economies: Lessons from the first decade
260 ## - PUBLICATION, DISTRIBUTION, ETC.
Place of publication, distribution, etc. Helsinki :
Name of publisher, distributor, etc. Institute for Economies in Transition, Bank of Finland (BOFIT),
Date of publication, distribution, etc. 2002.
490 1# - SERIES STATEMENT
Series statement BOFIT Discussion Papers
Volume/sequential designation 9/2002
700 1# - ADDED ENTRY--PERSONAL NAME
Personal name Wachtel, Paul
830 #0 - SERIES ADDED ENTRY--UNIFORM TITLE
Title of a work BOFIT Discussion Papers
Volume/sequential designation 9/2002
Bibliographic record control number 7888
942 ## - ADDED ENTRY ELEMENTS (KOHA)
Koha item type Paper
Holdings
Withdrawn status Lost status Damaged status Not for loan Home library Current library Shelving location Date acquired Inventory number Total Checkouts Barcode Date last seen Price effective from Koha item type
        WIIW WIIW Library 08/04/2004 6108   10001565 01/26/2017 01/26/2017 Paper
The Vienna Instiute for International Economic Studies (wiiw)